000
00336 a2200109 4500
001
ART_7846
005
20260410161832.0
008
260409a
245
1
0
_a
Cálculo de los reajustes de precios
100
1
_a
Pérez, Carlos Alberto
773
0
_t
Contabilidad y administración
_g
- Año 2, Nº 18 (dic. 1978)
_w
REV5485
999
_c
23286
_d
23286